| 000 | 01532nam0a22003011 4500 | ||
|---|---|---|---|
| 001 | v19\rc\1824377 | ||
| 005 | 20260406114133.0 | ||
| 035 | _a(NLR Aleph) 005255016 | ||
| 090 |
_a5842763 _c5842763 |
||
| 100 | _a20071224d1907 |||y0rusy50 ca | ||
| 101 | 1 |
_arus _ceng |
|
| 102 | _aRU | ||
| 105 | _aa z ||||| | ||
| 200 | 1 |
_aПринц и нищий _fПер. с англ. М.А. Лазаревой _aПриключение Тома на воздушном шаре _fПер. Сесиля Гоара _gПод ред. Н.Н. Мазуренко |
|
| 210 |
_aСанкт-Петербург _cВ.И. Губинский _d[1907] |
||
| 215 |
_a262 с., 100 ил. _d23 |
||
| 300 | _aПеред загл.: Соч. Марк Твэн (Самуель Л. Клеменс), авт. кн.: Приключение Тома; Путешествие вокруг света; Приключения Финна и Жизнь на Миссиссипи | ||
| 700 | 1 |
_7ca _8rus _aТвен _bМ. _f1835-1910 _gМарк _9110265 _3RU\NLR\AUTH\77201 |
|
| 702 | 1 |
_4730 _7ca _8rus _aЛазарева _bМ. А. _cпереводчик _f19 в. _961719 _3RU\NLR\AUTH\7778791 |
|
| 702 | 1 |
_aСесиль _bГ. _gГоар _4730 |
|
| 702 | 1 |
_4340 _7ca _8rus _aМазуренко _bН. Н. _f1840- _gНиколай Николаевич _965158 _3RU\NLR\AUTH\7782230 |
|
| 801 | 0 |
_aRU _bNLR _c20071224 _gpsbo |
|
| 801 | 0 |
_aRU _bRuMoRGB _c20071224 _2psbo |
|
| 801 | 1 |
_aRU _bProSoft-M _c20071224 _2rusmarc |
|
| 801 | 2 |
_aRU _bNLR _c20121101 _2rusmarc |
|
| 852 |
_aNLR _j37.21.5.26 |
||
| 942 | _cBOOK | ||
| 980 | _aNB | ||